00933nam a2200265 a 4500001001000000003000500010005001700015008004100032010001100073011001100084040000900095082001500104245013100119260008200250300001200332590004000344650002700384650003100411700004800442901000700490942001000497942000600507999001900513952013500532000110871CHAP20220329144149.0141014s1997 mx b |r |||||||spa d a107333 a108305 cCHAP04a631.5bR3800aRelación de viajes de estudio, realizados por alumnos del D.I.A. de 1981-1997 /ccompilado por Celia Rodríguez Betancourt. aChapingo, Méx. :bUACH. Departamento de Ingeniería Agroindustrial,c1997. a[45] h. aE6096MTMb05c20141014lUCH01h131814aBibliografía.91219414aViajes de estudio.91190360 aRodríguez Betancourt, Celiaecomp.998327 aBK cLIBRO n0 c107333d107333 00102ddc4052708GRALaBCbBCcPP_GRALd2014-10-14fLIBROl0o631.5 R38p33724002424736r2019-12-31 00:00:00w2019-12-31yLIBRO